Responses for show #3855 - Friday, May 11, 2001

2001 Teen Tournament final game 2.
From the Pennsylvania Convention Center in Philadelphia.

Contestants

Colleen Mahoney, a sophomore from East Hampton, Connecticut (subtotal of $0)

Graham Gilmer, a senior from Lynchburg, Virginia (subtotal of $12,000)

Andy Siegler, a senior from Cinnaminson, New Jersey (subtotal of $4,800)

Jeopardy! Round responses

STATE CAPITALS
CliffsNotes
SSSSSSSSNAKES!!!!!
THE KIDS LOVE THAT ROCK & ROLL
ANYTHING BUT CHEESESTEAK
5-LETTER WORDS
    $100 2
Honolulu

Graham
    $100 15
"Animal Farm"

Graham
    $100 11
(Graham: What is a rattle?)
(Alex: Rattle, rattler, rattlesnake; all acceptable.)

rattlesnake

Graham
    $100 1
Great Britain

Graham
    $100 13
relish

Graham
    $100 24
crown

Andy
    $200 3
Hartford

Andy
    $200 16
"Robinson Crusoe"

Andy
    $200 12
Antarctica

Colleen
    $200 7
Thugmuffin C

Graham
    $200 22
Twinkies

Andy
    $200 30
pride

Graham
    $300 4
(Graham: What is Virginia?)
(Alex: Graham's going to have trouble living that one down when he gets back home!)

Richmond

AndyGraham
    $300 17
"Of Mice and Men"

Triple Stumper
    $300 14
cobra

Andy
    $300 8
"Gettin' Jiggy Wit It"

Graham
    $300 23
(Andy: What is a shepherd's pie?)
....
(Alex: Minute to go.)

chicken pot pie

AndyColleen
    $300 29
Aries

Andy
    $500 5
(Andy: What is Baton Rouge?)

Little Rock

Andy
    $400 18
"Les Miserables"

Graham
    $400 20
coral snake

Graham
    $400 9
Mark McGrath

Andy
    $400 28
marmalade

Graham
    $400 26
ladle

Andy
    $500 6
Montpelier

Graham
    $500 19
(Colleen: What is "One Flew Over the Cuckoo Nest?")
(Alex: It's the title of a work & so we had to get it right.)

"One Flew Over the Cuckoo's Nest"

GrahamColleen
    $500 21
fer-de-lance

Triple Stumper
    $500 10
Duran Duran

Andy
    $500 27
broccoli

Triple Stumper
    $500 25
relic

Colleen

Scores at the first commercial break (after clue 13):

Andy Graham Colleen
$900 $1,100 $200

Scores at the end of the Jeopardy! Round:

Andy Graham Colleen
$2,100 $3,100 $500

Double Jeopardy! Round responses

U.S. PRESIDENTS
BROADWAY TEENS
YOUTH IN ASIA
(Alex: It's obviously a young theme!)
SCIENCE GUYS
CORPORATE SPORTS VENUES
ANIMAL RHYME TIME
    $200 2
George Washington

Colleen
    $200 1
Anne Frank

Graham
    $200 21
18

Andy
    $200 8
Stephen Hawking

Graham
    $200 13
(Colleen: What is airplane?)

airlines

Colleen
    $200 24
(Alex: Minute to go.)

bat chat

Andy
    $2,000 4
Ulysses S. Grant

Graham
    $400 3
Grease

Graham
    $400 22
Seoul

Graham
    $2,000 9
Galileo

Graham
    $400 17
Anaheim Angels

Graham
    $400 25
(Alex: Andy didn't want to touch that one; he hates goats, remember?)

goat boat

Graham
    $600 5
Zachary Taylor

Graham
    $600 14
Dorothy

Colleen
    $600 23
(Graham: What is China?)

India

GrahamColleen
    $600 10
Gregor Mendel

Andy
    $600 18
Baltimore Ravens

Graham
    $600 30
phony pony

Graham
    $800 6
Harry S. Truman

Graham
    $800 15
West Side Story

Andy
    $800 26
China

Triple Stumper
    $800 11
Michel Foucault

Triple Stumper
    $800 19
Pittsburgh

Graham
    $800 29
cheap sheep

Colleen
    $1000 7
Andrew Jackson

Triple Stumper
    $1000 16
The Music Man

Triple Stumper
    $1000 27
cricket

Colleen
    $1000 12
Alexander Fleming

Graham
    $1000 20
RCA Dome

Graham
    $1000 28
pig rig

Colleen

Scores at the end of the Double Jeopardy! Round:

Andy Graham Colleen
$3,900 $13,900 $4,900
(lock tournament)

[wagering suggestions for these scores]

Final Jeopardy! Round responses

SOUTH AMERICA
AndyWhat is Bolivia???
$3,900
ColleenWhat is Ecuador?
$4,000
GrahamWhat is Bolivia?
$1,100
Bolivia or Paraguay

Final scores:

Andy Graham Colleen
$7,800 $15,000 $900

Cumulative scores:

Andy Graham Colleen
$12,600 $27,000 $900
1st runner-up: $15,000 minimum Tournament champion: $50,000 + a 2001 Chevrolet Tracker ZR-2 2nd runner-up: $10,000 minimum

Game dynamics:

Coryat scores:

Andy Graham Colleen
$4,400 $10,700 $4,900
14 R,
2 W
(including 1 DD)
28 R
(including 2 DDs),
2 W
10 R,
1 W

Combined Coryat: $20,000

The J! Archive is created by fans, for fans. The Jeopardy! game show and all elements thereof, including but not limited to copyright and trademark thereto, are the property of Jeopardy Productions, Inc. and are protected under law. This website is not affiliated with, sponsored by, or operated by Jeopardy Productions, Inc. Join the discussion at JBoard.tv.